Members of Queen - Statistics

General Stats
  • This quiz has been taken 491 times
  • The average score is 4 of 7
Answer Stats
Years in the Band Instruments Answer % Correct
1970-1991 lead vocals, piano, rhythm guitar, tambourine Freddie Mercury
98%
1970- lead guitar, keyboards, piano, vocals Brian May
97%
1971-1997 bass guitar, rhythm guitar, keyboards, backing vocals, triangle John Deacon
91%
1970- drums, percussion, rhythm guitar, tambourine, vocals Roger Taylor
91%
1970 bass Mike Grose
11%
1970-1971 bass Barry Mitchell
10%
1971 bass Doug Ewood Bogie
3%
No matching quizzes found
Score Distribution
Percent of People with Each Score
Percentile by Number Answered
Your Score History
You have not taken this quiz